000 00588nam a2200217Ia 4500
003 OSt
005 20220926043826.0
006 a|||||r|||| 00| 0
007 ta
008 220923b |||||||| |||| 00| 0 eng d
037 _cGeneral Book
040 _aRTL
_cRTL
_beng
041 _2eng
_aeng
082 _aY15923-5926:3217.2, K3
100 _aKannan C T
245 0 _aIntercaste and inter-community marriages in India
260 _c1963
650 _aBrhamin
_9245354
942 _hY15923-5926:3217.2, K3
_cGB
_2CC
999 _c673305
_d673305